| 000 | 00715nam a22001817a 4500 | ||
|---|---|---|---|
| 005 | 20180404122922.0 | ||
| 010 | _aBAC-05-12-12 B-690828-829 | ||
| 020 |
_a9789351866022 _c250.00 |
||
| 035 | _aB-690828-829 | ||
| 037 | _aOcean | ||
| 100 | _aKapoor Sushil | ||
| 245 |
_aThe Life and Times of Sardar Vallabhbhai Patel/ _cby Sushil Kapoor: |
||
| 260 |
_aNew Delhi _bPrabhat Prakashan _c2016 |
||
| 270 |
_a4/19 Asaf Ali Road, _bNew Delhi _e110002 |
||
| 300 |
_a158p. _bcol.ill. _c23cm(HB) |
||
| 942 |
_2ddc _cEN _mKAP _h921 |
||
| 999 |
_c147896 _d147896 |
||